[Event "Bohemians"]
[Site "Prague"]
[Date "1985.??.??"]
[Round "?"]
[White "Vatnikov, Josif E"]
[Black "Zaichik, Gennadi"]
[Result "1-0"]
[WhiteElo "2200"]
[BlackElo "2475"]

1.e4 c5 2.Nf3 d6 3.Bb5+ Nd7 4.O-O a6 5.Bxd7+ Bxd7 6.d4 cxd4 7.Nxd4 Nf6 8.Nc3 e5
9.Nde2 h6 10.Ng3 Be7 11.Nh5 Nxh5 12.Qxh5 Be6 13.Qd1 O-O 14.Nd5 Rc8 15.Be3 Bg5
16.Bxg5 Qxg5 17.Ne3 Rfd8 18.Qd3 h5 19.c4 h4 20.Rac1 Rc6 21.Rc3 Rdc8 22.Rfc1 Qf4
23.h3 g6 24.R1c2 Qg5 25.Kh1 Kg7 26.a4 f5 27.a5 fxe4 28.Qxe4 Qf4 29.f3 Qxe4
30.fxe4 Rf8 31.Rb3 Rf4 32.Rxb7+ Kh6 33.Rb6 Bd7 34.Ng4+ Kg5 35.Nf2 Rf8 36.b4 Rfc8
37.Rd2 Be6 38.Rxc6 Rxc6 39.b5 Rxc4 40.b6 Bc8 41.Rxd6 Rc2 42.Nd3 Bb7 43.Re6 Rc3
44.Nf2 Rc2 45.Kg1 Kf4 46.Rxg6 Rc1+ 47.Kh2 Ke3 48.Rf6 Ra1 49.Rf3+ Ke2 50.Rf7 Rxa5
51.g3 Bc6 52.gxh4 Rb5 53.h5 Rxb6 54.Rf6 Rb8 55.h6 a5 56.Kg3 Rg8+ 57.Kh4 Bb7
58.Rf7 Bc6 59.Rf6 Bb7 60.Rf7 Bc6 61.Rf6 Ba8 62.Ng4 Bxe4 63.Ra6 Kf3 64.Rxa5 Kf4
65.Nxe5 Bf5 66.Ng4 Bc2 67.Ra7 Rf8 68.Ra2 Rc8 69.Ra6 Bh7 70.Rf6+ Ke4 71.Rf1 Bf5
72.Kg5 Rg8+ 73.Kf6 Bxg4 74.Re1+ Kd5 75.hxg4 Rxg4 76.Rh1  1-0

[Event "BUL-ch"]
[Site "Sofia"]
[Date "1985.??.??"]
[Round "9"]
[White "Inkiov, Ventzislav"]
[Black "Georgiev, Krum"]
[Result "1/2-1/2"]
[WhiteElo "2490"]
[BlackElo "2440"]

1.e4 c5 2.Nf3 d6 3.Bb5+ Bd7 4.Bxd7+ Nxd7 5.O-O Ngf6 6.Re1 e6 7.d3 Be7 8.Nc3 O-O
9.Bf4 a6 10.e5 dxe5 11.Nxe5 Nxe5 12.Bxe5 Nd7 13.Bf4 Bf6 14.Qd2 Qa5 15.Rab1 Rfe8
16.Ne4  1/2-1/2

[Event "SWE-ch"]
[Site "Uppsala"]
[Date "1985.??.??"]
[Round "?"]
[White "Bengtsson, Bo"]
[Black "Schutz, Ingemar"]
[Result "1-0"]
[WhiteElo "2320"]
[BlackElo "2200"]

1.e4 c5 2.Nf3 d6 3.Bb5+ Nc6 4.O-O a6 5.Bxc6+ bxc6 6.d4 cxd4 7.Qxd4 e5 8.Qd3 f5
9.exf5 Qd7 10.Re1 Qxf5 11.Qc3 Ne7 12.Bg5 Bd7 13.Nbd2 h6 14.Bh4 Ng6 15.Nc4 Nxh4
16.Nfxe5 Be6 17.Nb6 dxe5 18.Rxe5 Qg4 19.Qxc6+ Kf7 20.Qxa8 Bd6 21.Qb7+ Kf6
22.Re3 Rb8 23.Rxe6+ Qxe6 24.Nd7+ Kg6 25.Nxb8 Qg4 26.Re1 Bxb8 27.Qe4+ Qxe4
28.Rxe4 Kg5 29.Ra4 Be5 30.c3 Ng6 31.g3 Bc7 32.Rxa6 Ne5 33.f4+  1-0

[Event "SWE-ch"]
[Site "Uppsala"]
[Date "1985.??.??"]
[Round "?"]
[White "Bengtsson, Bo"]
[Black "Hellers, Ferdinand"]
[Result "1/2-1/2"]
[WhiteElo "2320"]
[BlackElo "2200"]

1.e4 c5 2.Nf3 d6 3.Bb5+ Bd7 4.Bxd7+ Qxd7 5.O-O Nc6 6.c3 Nf6 7.d4 Nxe4 8.d5 Ne5
9.Re1 Nxf3+ 10.Qxf3 Nf6 11.c4 e5 12.dxe6 fxe6 13.Nc3 O-O-O 14.Bg5 Be7 15.Qe2 h6
16.Qxe6 Qxe6 17.Rxe6 Kd7 18.Rae1 Rhe8 19.Bh4 g5 20.Bg3 Bf8 21.Rxe8 Rxe8 22.Rxe8 Nxe8
23.Ne4 Bg7 24.b3 Kc6 25.Kf1 d5 26.cxd5+ Kxd5 27.f3 b5 28.Ke2 c4 29.Kd2 cxb3
30.axb3 a5 31.Kd3 Be5 32.Be1 a4 33.bxa4 bxa4 34.Nc3+ Ke6  1/2-1/2

[Event "Varna"]
[Site "Varna"]
[Date "1985.??.??"]
[Round "?"]
[White "Atanasov, Petko"]
[Black "Ubilava, Elizbar"]
[Result "0-1"]
[WhiteElo "2405"]
[BlackElo "2465"]

1.e4 c5 2.Nf3 d6 3.Bb5+ Nd7 4.O-O a6 5.Bxd7+ Bxd7 6.Nc3 e6 7.b3 Nf6 8.Bb2 Be7
9.d3 O-O 10.Ne2 Bc6 11.Re1 b5 12.Nf4 Qc7 13.Qd2 a5 14.h3 a4 15.a3 axb3 16.cxb3 Qb7
17.Nh2 c4 18.Ng4 Nxg4 19.hxg4 e5 20.Nh5 cxb3 21.Ng3 Bd7 22.d4 Bxg4 23.dxe5 dxe5
24.Bxe5 Be6 25.Nf5 f6 26.Bb2 Bc5 27.Qf4 Rad8 28.Rec1 Qa7 29.Rc3 Bxf2+ 30.Kh1 Bxf5
31.Qxf5 Bd4 32.Rxb3 Bxb2 33.Rxb2 Qd4 34.Rab1 Rfe8 35.Rb4 Qe3 36.Qxb5 Re5
37.Qc4+ Kh8 38.Rb5 Rxe4 39.Rb8 Qe1+ 40.Rxe1 Rxe1+ 41.Kh2 Rxb8 42.Qc7 Ra8
43.Qc6 Ree8 44.a4 Rad8 45.Qb6 Rd5  0-1

[Event "Vestmannaeyjum"]
[Site "Vestmannaeyjum"]
[Date "1985.??.??"]
[Round "2"]
[White "Asmundsson, Ingvar"]
[Black "Sigurjonsson, Gudmundur"]
[Result "1/2-1/2"]
[WhiteElo "2400"]
[BlackElo "2485"]

1.e4 c5 2.Nf3 d6 3.Bb5+ Bd7 4.Bxd7+ Qxd7 5.O-O e6 6.b3 Nf6 7.Re1 Nc6 8.Bb2 Be7
9.d4 cxd4 10.Nxd4 O-O 11.c4 Rfd8 12.Nc3 a6 13.Nxc6 Qxc6 14.Qe2 Rab8 15.Rac1 Qc5
16.g3 Qb4 17.Nb1 Qa5 18.Bc3 Qb6  1/2-1/2

[Event "Copenhagen op"]
[Site "Copenhagen"]
[Date "1986.??.??"]
[Round "1"]
[White "Poulsen, Allan"]
[Black "Ernst, Thomas"]
[Result "0-1"]
[WhiteElo "2315"]
[BlackElo "2455"]

1.e4 c5 2.Nf3 d6 3.Bb5+ Nc6 4.O-O Bd7 5.c3 a6 6.Ba4 Nf6 7.Re1 e5 8.d4 b5
9.Bc2 Be7 10.Nbd2 O-O 11.Nf1 cxd4 12.cxd4 Bg4 13.d5 Nd4 14.Be3 Nxc2 15.Qxc2 Rc8
16.Qd3 Nh5 17.N3d2 f5 18.f3 fxe4 19.Nxe4 Bf5 20.Nfd2 Nf4 21.Bxf4 exf4 22.Qd4 Rc2
23.Rac1 Qc7 24.Nb3 Rc8 25.Nc3 Bh4 26.Rxc2 Bxe1 27.Rc1 Qe7 28.Ne4 Rxc1 29.Nxc1 Qc7
30.Nd3 Ba5 31.Kf1 Bb6 32.Qc3 Bxe4 33.fxe4 Qxc3 34.bxc3 Ba5 35.Nb4 Bxb4 36.cxb4 Kf7
37.Kf2 Kf6 38.Kf3 Ke5 39.h4 h5 40.a3 g6  0-1

[Event "Delmenhorst"]
[Site "Delmenhorst"]
[Date "1986.??.??"]
[Round "?"]
[White "Kruszynski, Wlodzimierz"]
[Black "Schneider, Attila"]
[Result "1/2-1/2"]
[WhiteElo "2360"]
[BlackElo "2440"]

1.e4 c5 2.Nf3 d6 3.Bb5+ Bd7 4.Bxd7+ Qxd7 5.c4 Nc6 6.d4 cxd4 7.Nxd4 Nf6 8.Nc3 g6
9.f3 Bg7 10.Be3 O-O 11.O-O Rfc8 12.b3 Qd8 13.Qd2 Qa5 14.Rfd1  1/2-1/2

[Event "Dubai ol (Men)"]
[Site "Dubai"]
[Date "1986.??.??"]
[Round "14"]
[White "Fernandez Garcia, Jose L"]
[Black "Olafsson, Helgi"]
[Result "0-1"]
[WhiteElo "2485"]
[BlackElo "2560"]

1.e4 c5 2.Nf3 d6 3.Bb5+ Nc6 4.O-O Bd7 5.Re1 Nf6 6.c3 a6 7.Bf1 Bg4 8.d4 cxd4
9.cxd4 d5 10.e5 Ng8 11.h3 Bxf3 12.Qxf3 e6 13.Qb3 Rb8 14.Be3 Nge7 15.Nd2 Nf5
16.Nf3 Be7 17.Bd3 Nxe3 18.Rxe3 O-O 19.Rd1 Qd7 20.Qc2 g6 21.Qe2 Rfc8 22.h4 Rc7
23.h5 Rbc8 24.Bb1 Na5 25.Nh2 Rc1 26.Qf1 Rxd1 27.Qxd1 Bg5 28.Ng4 Bxe3 29.fxe3 Qe7
30.Nf6+ Kg7 31.Bd3 Nc4 32.Qe1 Nb6 33.Qh4 Nd7 34.Qf4 Rd8 35.a3 h6 36.hxg6 Nxf6
37.exf6+ Qxf6 38.Qc7 b5 39.Be2 Kxg6 40.a4 bxa4 41.Bxa6 Kg7 42.Bb5 Qg5 43.Kf2 Qf5+
44.Kg1 Ra8 45.Qc1 a3  0-1

[Event "Gausdal Int"]
[Site "Gausdal"]
[Date "1986.??.??"]
[Round "?"]
[White "Moen, Ole Christian"]
[Black "Ernst, Thomas"]
[Result "0-1"]
[WhiteElo "2305"]
[BlackElo "2445"]

1.e4 c5 2.Nf3 d6 3.Bb5+ Nc6 4.O-O Bd7 5.Re1 a6 6.Bf1 e5 7.c3 Be7 8.h3 Nf6
9.d4 O-O 10.d5 Na7 11.a4 Nc8 12.b4 cxb4 13.cxb4 g6 14.Bh6 Re8 15.Nbd2 Nh5
16.Qc2 Bf8 17.Bxf8 Rxf8 18.Rec1 f5 19.Qc7 b6 20.Qb7 Ra7 21.Qb8 Qe7 22.Rc7 Rxc7
23.Qxc7 Nf6 24.Bxa6 fxe4 25.Ng5 Ne8 26.Qb7 Qxg5 27.Qxd7 Qxd2 28.Rf1 Ng7 29.Bxc8 e3
30.Ba6 exf2+  0-1

[Event "Wch U20"]
[Site "Gausdal"]
[Date "1986.??.??"]
[Round "7"]
[White "Wahls, Matthias"]
[Black "Thorhallsson, Throstur"]
[Result "1-0"]
[WhiteElo "2460"]
[BlackElo "2290"]

1.e4 c5 2.Nf3 d6 3.Bb5+ Nc6 4.O-O a6 5.Bxc6+ bxc6 6.d4 cxd4 7.Qxd4 c5 8.Qd3 e6
9.Rd1 Be7 10.c4 Bb7 11.Nc3 g5 12.a3 f6 13.h4 g4 14.Nh2 h5 15.Bf4 e5 16.Be3 f5
17.exf5 Nf6 18.Bg5 O-O 19.Bxf6 Rxf6 20.Nf1 Rf7 21.Ne3 Qf8 22.b4 Rd8 23.Ne4 Bxh4
24.Nxd6 e4 25.Qd2 g3 26.fxg3 Bxg3 27.bxc5 Qe7 28.Nf1 Be5 29.Rab1 Bc6 30.Qh6 Bg7
31.Qe6 Qxe6 32.fxe6 Rc7 33.Ne3 Ba4 34.Rd5 Bc6 35.Nef5 Bxd5 36.cxd5 Bf8 37.Rb3 Bxd6  1-0

[Event "Wch U20"]
[Site "Gausdal"]
[Date "1986.??.??"]
[Round "9"]
[White "Wahls, Matthias"]
[Black "Rechlis, Gad"]
[Result "0-1"]
[WhiteElo "2460"]
[BlackElo "2430"]

1.e4 c5 2.Nf3 d6 3.Bb5+ Bd7 4.Bxd7+ Qxd7 5.O-O Nc6 6.c3 Nf6 7.d4 cxd4 8.cxd4 d5
9.e5 Ne4 10.Ne1 f6 11.f3 Ng5 12.Be3 e6 13.Nd3 Be7 14.Qd2 O-O 15.b4 b6 16.Bxg5 fxg5
17.Qb2 Qe8 18.Rc1 g4 19.Nd2 Bg5 20.f4 Bxf4 21.Nxf4 Rxf4 22.Nb3 Ne7 23.Rc7 Nf5
24.Qd2 Re4 25.Rac1 h6 26.R7c6 Qg6 27.g3 Kh7 28.b5 Rf8 29.Rc8 Rf7 30.R8c7 Rf8
31.Rc8 Rxc8 32.Rxc8 Re3 33.Rc3 Qg5 34.Rxe3 Qxe3+ 35.Qxe3 Nxe3 36.a4 Kg6 37.Kf2 Nc4
38.Ke2 Kf5 39.Kd3 h5 40.Kc3 Ke4 41.Nc1 g5 42.Nd3 h4 43.Ne1 h3  0-1

[Event "Bundesliga 8586"]
[Site "Germany"]
[Date "1986.??.??"]
[Round "?"]
[White "Ruehrig, Volkhard"]
[Black "Marian, R."]
[Result "1/2-1/2"]
[WhiteElo "2335"]
[BlackElo "2285"]

1.e4 c5 2.Nf3 d6 3.Bb5+ Bd7 4.Bxd7+ Qxd7 5.O-O Nf6 6.Re1 Nc6 7.d4 cxd4 8.Nxd4 e6
9.b3 d5 10.Nxc6 Qxc6 11.exd5 Qxd5 12.Qe2 Rd8 13.Be3 Bd6 14.Nd2 Bb8 15.Nf3 O-O
16.Bd4 Qh5 17.Rad1 Nd5 18.g3 Qg4 19.Kh1 Rfe8 20.c4 Nb4 21.Kg2 Nc6 22.h3 Qh5
23.Bc3 Qc5 24.Qb2 f6 25.Rxd8 Nxd8 26.Rd1 Nf7 27.Qe2 Qc6 28.Kg1 e5 29.Nh4 Qc8
30.Qg4 Qxg4 31.hxg4 Rd8 32.Rxd8+ Nxd8 33.Kg2 Kf7 34.Kf3 Ke6 35.Ke4 Nf7 36.f4 exf4
37.gxf4 Bxf4 38.Kxf4 g5+ 39.Kg3 gxh4+ 40.Kxh4 f5 41.Kg3 fxg4 42.Kxg4 Ne5+
43.Kg5 Nd3 44.Bd4 a6 45.a3 Nc1 46.b4 Nd3 47.b5 Ne5 48.bxa6 bxa6 49.Kh6 Nxc4
50.a4 Kd5 51.Bf6 Nb6 52.Kxh7 Nxa4 53.Kg6 Nc5 54.Bc3 Kc4 55.Ba5 Kb5 56.Bc7 Ne6
57.Bd6 a5 58.Kf5 Nd4+ 59.Ke4 Kc4 60.Bf8 Nc2 61.Bd6 a4 62.Kf3 Kd3 63.Kf2 Kd2
64.Bc5 Na1 65.Bf8 Nb3 66.Bb4+ Kc2 67.Ke1 Nc1 68.Bf8 Nd3+ 69.Ke2 Nf4+ 70.Ke1 Nd5
71.Ke2 Nf4+ 72.Ke1 Ne6 73.Be7 Nd4 74.Bf8 Nc6 75.Bd6  1/2-1/2

[Event "Bundesliga 8586"]
[Site "Germany"]
[Date "1986.??.??"]
[Round "?"]
[White "Wahls, Matthias"]
[Black "Marian, R."]
[Result "1/2-1/2"]
[WhiteElo "2330"]
[BlackElo "2285"]

1.e4 c5 2.Nf3 d6 3.Bb5+ Nd7 4.d4 cxd4 5.Qxd4 e5 6.Qd3 Be7 7.c4 Nf6 8.Nc3 O-O
9.Bxd7 Bxd7 10.O-O h6 11.b3 a6 12.a4 b5 13.axb5 axb5 14.Rxa8 Qxa8 15.cxb5 Rb8
16.Be3 Bxb5 17.Nxb5 Qa6 18.Nd2 Qxb5 19.Qxb5 Rxb5 20.Ra1 d5 21.Ra8+ Kh7 22.Ra7 Bb4
23.exd5 Nxd5 24.Nc4 f6 25.Rd7 Kg6 26.Bd2 Bf8  1/2-1/2

[Event "Bundesliga 8586"]
[Site "Germany"]
[Date "1986.??.??"]
[Round "?"]
[White "Lehmann, Klaus"]
[Black "Robatsch, Karl"]
[Result "1/2-1/2"]
[WhiteElo "2270"]
[BlackElo "2405"]

1.e4 c5 2.Nf3 d6 3.Bb5+ Bd7 4.Bxd7+ Nxd7 5.O-O Ngf6 6.Qe2 e6 7.c3 Be7 8.d4 cxd4
9.cxd4 d5 10.e5 Ne4 11.Ne1 Rc8 12.Nd3 Qb6 13.Be3 f6 14.f3 Ng5 15.exf6 Bxf6
16.Ne5 Nf7 17.f4 Nd6 18.Nc3 Nf5 19.Bf2 Qa6 20.Qxa6 bxa6 21.g4 Nd6 22.Rac1 Nb6
23.Nd3 Nd7 24.Rfe1 Kf7 25.Ne5+ Bxe5 26.dxe5 Nc4 27.b3 Nb2 28.Rc2 Nd3 29.Rf1 Nb4
30.Rcc1 Nd3 31.Rc2 Nb4 32.Rcc1 Nd3  1/2-1/2

[Event "Bundesliga 8586"]
[Site "Germany"]
[Date "1986.??.??"]
[Round "?"]
[White "Lehmann, Klaus"]
[Black "Doncevic, Dario"]
[Result "1/2-1/2"]
[WhiteElo "2225"]
[BlackElo "2340"]

1.e4 c5 2.Nf3 d6 3.Bb5+ Bd7 4.Bxd7+ Qxd7 5.O-O Nf6 6.Qe2 Nc6 7.c3 e6 8.d4 cxd4
9.cxd4 d5 10.e5 Ne4 11.Be3 Be7 12.Ne1 f5 13.f3 Ng5 14.Nd3 Nf7 15.f4 O-O 16.Rc1 Rac8
17.Qd2 b6 18.b4 Nb8 19.Nc3 Rc4 20.a3 Rfc8 21.Nb2 R4c6 22.Qd3 Qc7 23.Bd2 a6
24.b5 axb5 25.Qxb5 Qd7 26.Qb3 Nd8 27.Ne2 Rxc1+ 28.Rxc1 Rxc1+ 29.Bxc1 Ndc6
30.Na4 Qa7 31.Bb2 Qa6 32.Kf2 Nd7 33.Nac3 Na5  1/2-1/2

[Event "FRG op-ch"]
[Site "Germany"]
[Date "1986.??.??"]
[Round "?"]
[White "Hertzog, Peter"]
[Black "Meister, Peter"]
[Result "1-0"]
[WhiteElo "2305"]
[BlackElo "2355"]

1.e4 c5 2.Nf3 d6 3.Bb5+ Bd7 4.Bxd7+ Nxd7 5.O-O Ngf6 6.Qe2 e6 7.c3 Rc8 8.Rd1 Be7
9.d4 cxd4 10.cxd4 d5 11.e5 Ne4 12.Ne1 h6 13.f3 Ng5 14.Nc3 O-O 15.Nd3 Rc6
16.f4 Nh7 17.f5 Bg5 18.Rf1 Qb6 19.Bxg5 Nxg5 20.Rf4 Rc4 21.Kh1 f6 22.exf6 Nxf6
23.Nc5 Qd6 24.Raf1 exf5 25.Nxb7 Qb4 26.Nc5 Re8 27.Qd3 Nh5 28.Rh4 Rxc5 29.Rxh5 Rc6
30.Nxd5 Qxb2 31.h4 Ne4 32.Rhxf5 Rc2 33.Rf8+  1-0

[Event "Bundesliga 8586"]
[Site "Germany"]
[Date "1986.??.??"]
[Round "?"]
[White "Heidrich, Manfred"]
[Black "Lau, Ralf"]
[Result "1/2-1/2"]
[WhiteElo "2260"]
[BlackElo "2465"]

1.e4 c5 2.Nf3 d6 3.Bb5+ Bd7 4.Bxd7+ Nxd7 5.O-O Ngf6 6.Re1 e6 7.c4 Be7 8.Nc3 Ne5
9.d3 O-O 10.Rb1 b6 11.a3 Nfd7 12.Nxe5 dxe5 13.b4 a6 14.Be3 Qc7 15.Qc2 Rfb8
16.Rec1 Bf8  1/2-1/2

[Event "Bundesliga 8586"]
[Site "Germany"]
[Date "1986.??.??"]
[Round "?"]
[White "Eppinger, Georg"]
[Black "Chandler, Murray G"]
[Result "0-1"]
[WhiteElo "2335"]
[BlackElo "2535"]

1.e4 c5 2.Nf3 d6 3.Bb5+ Bd7 4.Bxd7+ Nxd7 5.O-O Ngf6 6.Re1 g6 7.b3 Bg7 8.Bb2 O-O
9.d4 cxd4 10.Nxd4 Nc5 11.Nd2 Rc8 12.Qe2 e5 13.N4f3 d5 14.Rad1 Re8 15.Nxe5 Ncxe4
16.Nxe4 Nxe4 17.c4 Bxe5 18.Rxd5 Bd6 19.Qd3 Bxh2+ 20.Kxh2 Qh4+ 21.Qh3 Qf4+  0-1

[Event "EU-ch U20"]
[Site "Groningen"]
[Date "1986.??.??"]
[Round "?"]
[White "Wessman, Richard"]
[Black "Howell, James C"]
[Result "1/2-1/2"]
[WhiteElo "2250"]
[BlackElo "2400"]

1.e4 c5 2.Nf3 d6 3.Bb5+ Nc6 4.O-O Bd7 5.Re1 Nf6 6.c3 a6 7.Bf1 Bg4 8.h3 Bxf3
9.Qxf3 g6 10.Qd1 Bh6 11.d3 Bxc1 12.Qxc1 O-O 13.Nd2 Rc8 14.Nf3 Kg7 15.Qe3 Qa5
16.a3 e5 17.b4 cxb4 18.cxb4 Qc7 19.d4 Rfe8 20.d5 Ne7 21.Rec1 Qd7 22.Nd2 Rxc1
23.Rxc1 Rc8 24.Rxc8 Nxc8 25.Qc3 Ne7 26.Be2 Kg8 27.Qc4 Ne8 28.b5 axb5 29.Qxb5 Qxb5
30.Bxb5 Nf6 31.f3 Nc8 32.Nc4 Kf8 33.Na5 Na7 34.a4 Nxb5 35.axb5 b6 36.Nc4 Ne8
37.Kf2 f5 38.g3 f4 39.gxf4 exf4 40.Ke2 g5 41.Kd3 h5 42.Kd4 Kf7 43.Kc3 g4
44.fxg4 hxg4 45.hxg4 Kf6 46.Kd4 Kg5 47.e5 dxe5+ 48.Kxe5 f3 49.Ne3 Nf6 50.d6 Nxg4+
51.Ke6 Nxe3 52.d7 f2 53.d8=Q+ Kf4 54.Qxb6 f1=Q 55.Qd4+ Kg3 56.Qxe3+ Kh2 57.Qh6+ Kg1
58.Qg5+ Kh1 59.Qh4+ Kg1 60.Qd4+ Kh1 61.b6 Qa6 62.Kd6 Qa3+ 63.Kc6 Qa6 64.Qd5+ Kg1
65.Kc7 Qa3 66.Qd4+ Kh1 67.Qh4+ Kg1 68.Qg5+ Kh1 69.Qh4+ Kg1 70.Qe1+ Kg2 71.Qe4+ Kg1
72.b7 Qc5+ 73.Kd7 Qb5+ 74.Kd6 Qb6+ 75.Ke5 Qc7+ 76.Kf5 Qh7+ 77.Kf4 Qh4+ 78.Kf3 Qf6+
79.Kg3 Qd6+ 80.Kh3 Qh6+ 81.Qh4 Qe3+ 82.Qg3+ Kh1 83.b8=Q  1/2-1/2

[Event "Hamburg-ch"]
[Site "Hamburg"]
[Date "1986.??.??"]
[Round "?"]
[White "Rostalski, Walter"]
[Black "Jacoby, Gisbert"]
[Result "1/2-1/2"]
[WhiteElo "2265"]
[BlackElo "2290"]

1.e4 c5 2.Nf3 d6 3.Bb5+ Bd7 4.Bxd7+ Qxd7 5.O-O Nc6 6.c3 Nf6 7.Qe2 e6 8.d4 cxd4
9.cxd4 d5 10.e5 Ne4 11.Be3 Be7 12.Nbd2 O-O 13.Rfd1 Nxd2  1/2-1/2

[Event "Hastings8687"]
[Site "Hastings"]
[Date "1986.??.??"]
[Round "?"]
[White "Chiburdanidze, Maia"]
[Black "Chandler, Murray G"]
[Result "1/2-1/2"]
[WhiteElo "2435"]
[BlackElo "2565"]

1.e4 c5 2.Nf3 d6 3.Bb5+ Bd7 4.Bxd7+ Nxd7 5.O-O Ngf6 6.Qe2 Rc8 7.b3 g6 8.Bb2 Bg7
9.c4 O-O 10.d4 cxd4 11.Bxd4 a6 12.Nbd2 Qa5 13.Rfc1 b5 14.Rc2 Rc7 15.e5 dxe5
16.Nxe5 Rfc8 17.Ndf3  1/2-1/2

[Event "Hastings8687"]
[Site "Hastings"]
[Date "1986.??.??"]
[Round "?"]
[White "Gufeld, Eduard"]
[Black "Chiburdanidze, Maia"]
[Result "1/2-1/2"]
[WhiteElo "2480"]
[BlackElo "2435"]

1.e4 c5 2.Nf3 d6 3.Bb5+ Bd7 4.Bxd7+ Qxd7 5.O-O Nc6 6.c3 Nf6 7.Re1 e6 8.d4 cxd4
9.cxd4 d5 10.e5 Ne4 11.Nbd2 Nxd2 12.Bxd2 Be7 13.Bg5 Bxg5 14.Nxg5 h6 15.Nf3 Rc8
16.Rc1 O-O 17.Re3 Ne7 18.Rec3 Rxc3 19.Rxc3 Rc8 20.Qb3 Rxc3  1/2-1/2

[Event "Helsinki"]
[Site "Helsinki"]
[Date "1986.??.??"]
[Round "6"]
[White "Binham, Timothy F"]
[Black "Arnason, Jon L"]
[Result "0-1"]
[WhiteElo "2370"]
[BlackElo "2500"]

1.e4 c5 2.Nf3 d6 3.Bb5+ Nc6 4.O-O Bd7 5.c3 a6 6.Bxc6 Bxc6 7.Re1 e5 8.d4 Qc7
9.dxe5 dxe5 10.c4 Bd6 11.Nc3 Ne7 12.Nd5 Bxd5 13.cxd5 O-O 14.b3 f6 15.Be3 Qd7
16.Re2 Rfc8 17.Rc2 Rc7 18.a4 b6 19.Nd2 Rb8 20.Rac1 a5 21.Nc4 Rcb7 22.Rd2 Re8
23.Qe2 Nc8 24.h3 g6 25.Qg4 Qf7 26.Rf1 Kh8 27.Qh4 Rbe7 28.Rdd1 Rg8 29.Bc1 Rge8
30.Bb2 Kg8 31.Rd3 Qf8 32.Re1 Rf7 33.Qg4 Rg7 34.Qh4 Rf7 35.Bc1 Kh8 36.Rde3 Bc7
37.Bb2 Kg8 38.Rf3 Nd6 39.Rfe3 Rg7 40.Kh1 Bd8 41.Qg4 Bc7 42.Qe2 Rf7 43.Bc3 Ree7
44.Nd2 Qb8 45.Nf3 Qb7 46.Rd1 Kg7 47.Qd2 Qa6 48.Rde1 Re8 49.Qd3 c4 50.bxc4 Qxc4
51.Qxc4 Nxc4 52.R3e2 Bd6 53.Rc1 Rc7 54.Ba1 Rec8 55.Rec2 Na3 56.Rxc7+ Rxc7
57.Rxc7+ Bxc7 58.Bb2 Nc4 59.Bc1  0-1

[Event "Helsinki"]
[Site "Helsinki"]
[Date "1986.??.??"]
[Round "8"]
[White "Valkesalmi, Kimmo"]
[Black "Arnason, Jon L"]
[Result "0-1"]
[WhiteElo "2405"]
[BlackElo "2500"]

1.e4 c5 2.Nf3 d6 3.Bb5+ Nd7 4.d4 Nf6 5.Nc3 a6 6.Bxd7+ Nxd7 7.O-O e6 8.Bg5 Qc7
9.Re1 cxd4 10.Qxd4 Ne5 11.Rad1 f6 12.Bc1 Be7 13.Kh1 b5 14.a3 Rb8 15.Qe3 O-O
16.Nd4 Qc5 17.Qg3 a5 18.f4 Nc6 19.b4 axb4 20.axb4 Qc4 21.Nxc6 Qxc6 22.f5 Re8
23.Ne2 Bf8 24.Nd4 Qc4 25.Qd3 e5 26.Ne2 d5 27.Qxd5+ Qxd5 28.Rxd5 Bxb4 29.Bd2 Bf8
30.Rb1 b4 31.Ng3 Ba6 32.h3 Rec8 33.Ra5 Rxc2 34.Rxa6 Rxd2 35.Rb3 Rc8 36.Nh5 Rc3
37.Rb1 Rdc2 38.Kh2 Ra3 39.Rb6 Raa2 40.Rb8 Rxg2+  0-1

[Event "HUN-ch"]
[Site "?"]
[Date "1986.??.??"]
[Round "?"]
[White "Hazai, Laszlo"]
[Black "Schneider, Attila"]
[Result "1/2-1/2"]
[WhiteElo "2470"]
[BlackElo "2440"]

1.e4 c5 2.Nf3 d6 3.Bb5+ Bd7 4.Bxd7+ Qxd7 5.c4 Nc6 6.d4 cxd4 7.Nxd4 Nf6 8.Nc3 g6
9.f3 Bg7 10.Be3 O-O 11.O-O Rfc8 12.b3 Qd8 13.Rc1 Qa5 14.Qd2 a6 15.Rfd1 Nxd4
16.Bxd4 b5 17.Bxf6 Bxf6 18.Nd5 Qxd2 19.Nxf6+ Kg7 20.Ne8+ Kf8 21.Rxd2 Kxe8
22.Rdc2 Kd7 23.Kf2 Ra7 24.cxb5 Rxc2+ 25.Rxc2 axb5 26.Ke3 e5 27.Kd3  1/2-1/2

[Event "URS-FL"]
[Site "Irkutsk"]
[Date "1986.??.??"]
[Round "?"]
[White "Romanishin, Oleg M"]
[Black "Gavrikov, Viktor"]
[Result "1/2-1/2"]
[WhiteElo "2560"]
[BlackElo "2550"]

1.e4 c5 2.Nf3 d6 3.Bb5+ Bd7 4.Bxd7+ Nxd7 5.O-O Ngf6 6.Qe2 e6 7.b3 Be7 8.Bb2 O-O
9.c4 a6 10.d4 cxd4 11.Nxd4 Qb6 12.Nf3 Rac8 13.Nc3 Qa5 14.Nd4 Rfe8 15.Rad1 Bf8
16.Ba1 g6 17.Qd2 Rcd8 18.Nf3 Qc7 19.h3 b6 20.Rfe1 Qb7 21.Nd4 Bg7 22.Nf3 Bf8
23.Qe2 Qc7 24.Qe3 Qb8 25.Re2 Rc8 26.Nd4 Be7 27.Nc2  1/2-1/2

[Event "ISR-ch"]
[Site "?"]
[Date "1986.??.??"]
[Round "?"]
[White "Gruenfeld, Yehuda"]
[Black "Rechlis, Gad"]
[Result "1-0"]
[WhiteElo "2535"]
[BlackElo "2415"]

1.e4 c5 2.Nf3 d6 3.Bb5+ Bd7 4.a4 Nc6 5.O-O Nf6 6.Re1 a6 7.Bf1 Bg4 8.c3 e6
9.d4 cxd4 10.cxd4 d5 11.e5 Ne4 12.h3 Bh5 13.g4 Bg6 14.Be3 Bb4 15.Nbd2 O-O
16.Bg2 Rc8 17.Qe2 Qb6 18.Nxe4 dxe4 19.d5 exf3 20.Bxb6 fxe2 21.dxc6 Bxe1 22.Rxe1 bxc6
23.Rxe2 Rb8 24.Bc5 Rfc8 25.b4 Bd3 26.Rd2 Bc4 27.a5 Bd5 28.Bf1 Ra8 29.f4 f6
30.Bd3 fxe5 31.fxe5 Rc7 32.Rf2 g6 33.Rf6 Rf7 34.g5 Rxf6 35.gxf6 Kf7 36.h4 Bb3
37.Kf2 Ba4 38.Ke3 Bb5 39.Be4 Rd8 40.Bd6 Rxd6 41.exd6 Kxf6 42.Kd4 e5+ 43.Kc5 Ke6
44.Bxc6 Bd3 45.b5 e4 46.b6  1-0

[Event "Jajce (Women)"]
[Site "Jajce"]
[Date "1986.??.??"]
[Round "7"]
[White "Madl, Ildiko"]
[Black "Nutu Gajic, Dana"]
[Result "1-0"]
[WhiteElo "2220"]
[BlackElo "2180"]

1.e4 c5 2.Nf3 d6 3.Bb5+ Bd7 4.Bxd7+ Qxd7 5.O-O Nc6 6.c3 Nf6 7.d4 cxd4 8.cxd4 Nxe4
9.d5 Ne5 10.Nxe5 dxe5 11.Re1 Nf6 12.Rxe5 e6 13.Nc3 Bc5 14.Bg5 h6 15.Bh4 g5
16.dxe6 Qd4 17.exf7+ Kxf7 18.Qb3+ Kg6 19.Bg3 Rhe8 20.Rae1 Rxe5 21.Rxe5 Qd2
22.h3 Bd6 23.Re6 Bxg3 24.Rxf6+  1-0

[Event "BKL-Turnier"]
[Site "Leipzig"]
[Date "1986.??.??"]
[Round "3"]
[White "Hennings, Artur"]
[Black "Chekhov, Valery A"]
[Result "0-1"]
[WhiteElo "2375"]
[BlackElo "2495"]

1.e4 c5 2.Nf3 d6 3.Bb5+ Nc6 4.d4 cxd4 5.Qxd4 Bd7 6.Bxc6 Bxc6 7.Nc3 Nf6 8.Bg5 e6
9.O-O-O Be7 10.Rhe1 O-O 11.Qd2 Qb6 12.Nd4 Rfc8 13.f3 Be8 14.Kb1 Rc4 15.Be3 Qa6
16.g4 Rac8 17.Nce2 Nd7 18.g5 Bf8 19.c3 b5 20.Nc1 Nb6 21.Nde2 d5 22.Bxb6 Qxb6
23.exd5 exd5 24.Nd3 b4 25.cxb4 Bxb4 26.Nxb4 Rxb4 27.Nc3 Bc6 28.a3 Rb3 29.Ka1 Rb8
30.Re2 d4 31.Ne4 d3 32.Rf2 Qd4 33.Nc3 Rxb2 34.Qxd3 Qxd3  0-1

[Event "Leningrad tt"]
[Site "Leningrad"]
[Date "1986.??.??"]
[Round "?"]
[White "Shabanov, Yuri"]
[Black "Karasev, Vladimir I"]
[Result "1-0"]
[WhiteElo "2430"]
[BlackElo "2350"]

1.e4 c5 2.Nf3 d6 3.Bb5+ Nc6 4.O-O e6 5.c3 Ne7 6.d4 cxd4 7.cxd4 a6 8.Ba4 d5
9.e5 Nf5 10.Nc3 Qb6 11.Qd3 Bd7 12.Rd1 Be7 13.a3 h5 14.b4 f6 15.Bf4 O-O 16.Bb3 g5
17.exf6 Bxf6 18.Bxg5 Bxg5 19.Nxg5 Ncxd4 20.Qh3 Nxb3 21.Qxh5 Qxf2+ 22.Kxf2 Ng7+
23.Qf3 Nxa1 24.Rxa1 Rac8 25.Rc1 d4 26.Ne2 Bc6 27.Ne4 Rxf3+ 28.gxf3 Rf8 29.Nd2 Nf5
30.Nf4 Kf7 31.Nd3 Rh8 32.Rh1 Bb5 33.Ne5+ Kf6 34.f4 Rc8 35.Ne4+ Ke7 36.Rd1 Rc2+
37.Rd2 Rc1 38.Ng3 Ra1 39.Nxf5+ exf5 40.Rxd4 Rxa3 41.h4 Ke6 42.Nf3 Bc6 43.Ng5+ Ke7
44.Rd2 Ra1 45.Re2+ Kd7 46.Re6 Rb1 47.h5 Rxb4 48.Ke3 Rb2 49.h6 Rh2 50.Rg6 a5
51.h7 Bd5 52.Kd4 Ba2 53.Rg7+ Kc6 54.Rg8 b5 55.h8=Q Rxh8 56.Rxh8 b4 57.Nf3 a4
58.Ne5+ Kc7  1-0

[Event "London"]
[Site "London"]
[Date "1986.??.??"]
[Round "8"]
[White "Plaskett, Jim"]
[Black "Mestel, A Jonathan"]
[Result "1-0"]
[WhiteElo "2435"]
[BlackElo "2525"]

1.e4 c5 2.Nf3 d6 3.Bb5+ Bd7 4.Bxd7+ Qxd7 5.O-O Nf6 6.e5 dxe5 7.Nxe5 Qc8 8.Qe2 e6
9.b3 Be7 10.Bb2 O-O 11.Na3 Nc6 12.Nxc6 Qxc6 13.Nc4 Nd7 14.f4 b5 15.Ne5 Nxe5
16.fxe5 c4 17.bxc4 bxc4 18.Rf4 Rad8 19.Bc3 Bb4 20.Bxb4 Qb6+ 21.Qf2 Qxb4 22.d4 Qe7
23.Qe2 c3 24.Qe3 Qa3 25.Qd3 Rd7 26.Raf1 Rc8 27.Qf3 Qe7 28.Qh3 Qg5 29.Qf3 Qg6
30.Rf2 Rdc7 31.h4 Rb8 32.Kh2 h5 33.g4 hxg4 34.Rxg4 Qh6 35.Rfg2 Kf8 36.Qg3 Rc4
37.h5 Rb1 38.Qh4 Ke8 39.Rxg7 Rc8 40.d5 Qc1 41.Rg8+ Kd7 42.dxe6+ Kc7  1-0

[Event "URS-ch sf"]
[Site "Lvov"]
[Date "1986.??.??"]
[Round "7"]
[White "Shabanov, Yuri"]
[Black "Vitolinsh, Alvis"]
[Result "1/2-1/2"]
[WhiteElo "2405"]
[BlackElo "2415"]

1.e4 c5 2.Nf3 d6 3.Bb5+ Bd7 4.Bxd7+ Nxd7 5.O-O Ngf6 6.Qe2 e6 7.b3 Be7 8.Bb2 O-O
9.c4 Re8 10.d4 cxd4 11.Nxd4 d5 12.cxd5 exd5 13.e5 Bc5 14.f4 Qb6 15.Qd3 Ne4
16.Nd2 f6 17.exf6 Ndxf6 18.Nf3 Bd6 19.g3 Nc5 20.Qb5 Qd8 21.Rfe1 a6 22.Rxe8+ Qxe8
23.Qxe8+ Rxe8 24.Nf5 Bf8 25.Nh6+ gxh6 26.Bxf6 Re2 27.Nd4 Re4 28.Nf3 Nd3 29.Rd1 Bc5+
30.Kf1 Nxf4 31.Ba1 Re3 32.Ne1  1/2-1/2